| 000 | 00861nam a2200193 i 4500 | ||
|---|---|---|---|
| 001 | 43791 | ||
| 003 | ES-MaACL | ||
| 005 | 20230906160856.0 | ||
| 007 | t| | ||
| 008 | 030318s1891 sp |||| | spa d | ||
| 100 | 1 |
_aCervino, Marcelo. _937662 |
|
| 245 | 1 | 0 |
_aParticipación del elemento religioso en la formación de la nacionalidad española : _bmemoria leída en la Sección de Ciencias Históricas del Ateneo por el secretario primero de la misma el día 17 de noviembre de 1890 / _cpor Marcelo Cervino. |
| 260 |
_aMadrid : _b[s.n.], _c1891 ( _fEst. Tip. de Ricardo Fe) |
||
| 300 |
_a62 p. ; _c24 cm. |
||
| 610 | 2 | 4 |
_aAteneo de Madrid. _bSección de Ciencias Históricas- _vMemorias. _91982 |
| 650 | 4 |
_aNacionalismo- _xAspectos religiosos. _9166446 |
|
| 710 | 2 |
_aAteneo de Madrid. _91875 |
|
| 852 | 4 |
_aES-MaACL _jT-534-F-8 _z- Dedicatoria autógrafa del autor |
|
| 999 |
_c43791 _d43791 |
||